Chansons les plus streamées : Natasha St-Pier - Statistiques

Statistiques générales
  • Ce quiz a été pris 12 fois
  • Le résultat moyen est 4 sur 10
Statistiques - réponses
Nb de streams Chanson % Correct
2 500 000 Encontraras (feat. Miguel Bosé)
100%
12 500 000 Mourir demain (avec Pascal Obispo)
100%
27 500 000 Tu trouveras
100%
3 000 000 Un Ange Frappe A Ma Porte
50%
10 500 000 Je n'ai que mon âme
30%
2 000 000 Le cantique des cantiques (avec Glorious)
10%
2 000 000 Nos rendez-vous
10%
1 900 000 Toi qui manques à ma vie
10%
2 500 000 Aimer c'est tout donner - Thérèse de Lisieux
0%
1 900 000 Là-bas (avec Florent Pagny)
0%
Aucun quiz correspondant
Distribution des résultats
% des personnes avec chaque résultat
Percentile par nombre de réponses
Votre historique - résultats
Vous n’avez pas pris ce quiz